| 000 | 00000nam##2200000za#4500 |
| 001 | 9.642270 |
| 003 | CaOODSP |
| 005 | 20210624223623 |
| 007 | cr ||||||||||| |
| 008 | 150407|1970||||xxc|||||o f|0| 0 fre|d |
| 040 | |aCaOODSP|bfre |
| 043 | |an-cn--- |
| 086 | 1 |aA73-1403/1970F-PDF |
| 110 | 1 |aCanada.|bAgriculture Canada. |bDirection de l'économie. |
| 245 | 10|aChoix d'une ferme au Canada / |h[ressource électronique]|c[par] S.W. Garland. |
| 260 | |aOttawa - Ontario : |bAgriculture Canada. |c1970. |
| 300 | |a48p.|btableaux |
| 500 | |aPublication historique numérisée par Agriculture et Agroalimentaire Canada. « Cette publication remplace la publication 1242, Comment débuter en agriculture au Canada »--p.4 de 48. |
| 590 | |a13-17-Supp|b2013-07-25 |
| 691 | 07|aÉconomie agricole|2gcpds |
| 691 | 07|aExploitation agricole|2gcpds |
| 691 | 07|aProgramme d'aide agricole|2gcpds |
| 775 | 08|tEstablishing a farm in Canada / |w(CaOODSP)9.697581 |
| 856 | 40|ahttp://publications.gc.ca|qPDF|s2.41 Mo|uhttps://publications.gc.ca/collections/collection_2013/aac-aafc/agrhist/A73-1403-1970-fra.pdf |
| 986 | |a1403 |